[Event "Balaguer op"]
[Site "?"]
[Date "2011.07.20"]
[Round "4"]
[White "Borras Burgues, J."]
[Black "Puig Carres, J."]
[Result "0-1"]
[WhiteElo "1394"]
[BlackElo "1838"]
[PlyCount "84"]
[EventDate "2011.??.??"]
[EventType "swiss"]
[Source "Chessbase"]
[SourceDate "2011.07.29"]

1. e4 e6 2. Ne2 d5 3. Ng3 b6 4. Be2 dxe4 5. Nxe4 Be7 6. Bf3 c6 7. d4 Ba6 8. Bf4
Qd7 9. Nbc3 Nf6 10. Nxf6+ Bxf6 11. Be5 Bxe5 12. dxe5 Bb7 13. Qd6 Qxd6 14. exd6
O-O 15. O-O-O Nd7 16. Rd2 Rfd8 17. Re1 Nf6 18. b4 Nd5 19. Nxd5 cxd5 20. Re3
Rxd6 21. a4 Rc8 22. Be2 Rdc6 23. f4 g6 24. g3 Kg7 25. Kb2 h5 26. h4 R6c7 27.
Bd3 Rc3 28. Rg2 d4 29. Ree2 Bxg2 30. Rxg2 Kf6 31. Re2 Ke7 32. Re4 Rd8 33. Re1
a5 34. b5 f5 35. Re2 Kf6 36. Re1 Rd5 37. Re2 e5 38. Rg2 e4 39. Bf1 Re3 40. Bc4
Rc5 41. Bb3 d3 42. c4 Re2+ 0-1

[Event "Balaguer op"]
[Site "?"]
[Date "2011.07.20"]
[Round "4"]
[White "Borras Camarasa, M."]
[Black "Subarroca Blanch, F."]
[Result "0-1"]
[WhiteElo "1601"]
[BlackElo "1880"]
[PlyCount "110"]
[EventDate "2011.??.??"]
[EventType "swiss"]
[Source "Chessbase"]
[SourceDate "2011.07.29"]

1. e4 b6 2. d4 Bb7 3. Nc3 Nf6 4. e5 Nd5 5. Nxd5 Bxd5 6. Nf3 h6 7. c4 Bb7 8. Bd3
e6 9. Bd2 Be7 10. O-O O-O 11. b4 a6 12. a4 Bxf3 13. Qxf3 Nc6 14. Bxh6 gxh6 15.
Qe4 f5 16. exf6 Rxf6 17. Qh7+ Kf8 18. Bg6 Rxg6 19. Qxg6 Bf6 20. Qxh6+ Bg7 21.
Qf4+ Kg8 22. Rad1 Nxb4 23. d5 e5 24. Qe4 Qf6 25. d6 c6 26. f4 Rf8 27. fxe5 Qxe5
28. Rxf8+ Kxf8 29. Qh4 Qe3+ 30. Kh1 Qe6 31. Qd8+ Kf7 32. Qxb6 Qxc4 33. Qf2+ Bf6
34. Qf5 Qe6 35. Qxe6+ Kxe6 36. g4 Nd5 37. Re1+ Kxd6 38. Kg2 c5 39. Kg3 Be5+ 40.
Kg2 c4 41. h4 c3 42. Kf3 c2 43. Rc1 Nb4 44. g5 Bb2 45. g6 Ke7 46. Rxc2 Nxc2 47.
Ke4 Bg7 48. Kd5 Ne3+ 49. Kc5 a5 50. Kb5 Bc3 51. h5 Nf5 52. Kc4 Bb4 53. Kd5 Kf6
54. Ke4 Ng3+ 55. Kd5 Nxh5 0-1

[Event "Balaguer op"]
[Site "?"]
[Date "2011.07.20"]
[Round "4"]
[White "Burmakin, V."]
[Black "Volodin, A."]
[Result "1/2-1/2"]
[WhiteElo "2579"]
[BlackElo "2523"]
[PlyCount "64"]
[EventDate "2011.??.??"]
[EventType "swiss"]
[Source "Chessbase"]
[SourceDate "2011.07.29"]

1. d4 Nf6 2. Nf3 c5 3. d5 b5 4. Bg5 Qb6 5. Bxf6 Qxf6 6. c3 d6 7. e4 a6 8. Bd3
Nd7 9. Nbd2 g5 10. O-O Bg7 11. a4 b4 12. e5 Nxe5 13. Nxe5 Qxe5 14. Re1 Qf6 15.
Ne4 Qh6 16. cxb4 cxb4 17. Qc1 O-O 18. Nxg5 Be5 19. f4 Bd4+ 20. Kh1 Qg7 21.
Bxh7+ Kh8 22. Qd1 Bxb2 23. Rb1 f6 24. Ne6 Bxe6 25. dxe6 Qxh7 26. Re3 Qf5 27.
Rxb2 Rac8 28. Rxb4 Rg8 29. Rh3+ Kg7 30. Rg3+ Kf8 31. Rxg8+ Kxg8 32. h3 a5
1/2-1/2

[Event "Balaguer op"]
[Site "?"]
[Date "2011.07.20"]
[Round "4"]
[White "Escur Hereu, J."]
[Black "Lazaro Porta, A."]
[Result "0-1"]
[WhiteElo "1700"]
[BlackElo "1970"]
[PlyCount "106"]
[EventDate "2011.??.??"]
[EventType "swiss"]
[Source "Chessbase"]
[SourceDate "2011.07.29"]

1. c4 b6 2. d4 Nf6 3. Nc3 e6 4. e4 Bb4 5. Bg5 h6 6. Bxf6 Qxf6 7. e5 Qe7 8. Nf3
Bb7 9. Be2 f5 10. O-O Nc6 11. Nd2 g5 12. a3 Bxc3 13. bxc3 O-O 14. Bf3 g4 15.
Bxc6 Bxc6 16. f4 Kh7 17. Rf2 Rg8 18. Nf1 d5 19. exd6 cxd6 20. d5 exd5 21. cxd5
Bb7 22. Re2 Qf7 23. c4 Rge8 24. Raa2 Rac8 25. Rxe8 Rxe8 26. Re2 Ba6 27. Rxe8
Qxe8 28. Qc2 Kg6 29. Kf2 Qh8 30. Ne3 Bc8 31. Qc1 Qd4 32. g3 Bd7 33. Qc2 h5 34.
Qa2 h4 35. Ke2 Qe4 36. Qb2 Qf3+ 37. Kd3 hxg3 38. Qh8 Qe4+ 39. Kd2 Qxf4 40. Qg8+
Kf6 41. Qf8+ Ke5 42. hxg3 Qxg3 43. Qg7+ Ke4 44. Qxd7 Qh2+ 45. Kd1 Qg1+ 46. Kc2
Qxe3 47. Qxd6 Qd3+ 48. Kb2 Qd4+ 49. Kb3 Qe5 50. Qe6 g3 51. Qg6 Kd3 52. d6 Qc3+
53. Ka4 Qxc4# 0-1

[Event "Balaguer op"]
[Site "?"]
[Date "2011.07.20"]
[Round "4"]
[White "Fabrega Ramon, S."]
[Black "Sole Castañe, J."]
[Result "0-1"]
[WhiteElo "1731"]
[BlackElo "1634"]
[PlyCount "105"]
[EventDate "2011.??.??"]
[EventType "swiss"]
[Source "Chessbase"]
[SourceDate "2011.07.29"]

1. e4 c5 2. Nf3 d6 3. Nc3 Nf6 4. d3 Nc6 5. a3 g6 6. Bd2 Bg7 7. Qc1 O-O 8. Bh6
Ne5 9. Be2 a6 10. Qg5 Bxh6 11. Qxh6 Nfg4 12. Qf4 Nxf3+ 13. Bxf3 Ne5 14. Be2 Be6
15. h3 Qb6 16. Rb1 Nc6 17. Bg4 Nd4 18. Qd2 Qc6 19. Ne2 f5 20. Nxd4 cxd4 21. Bf3
f4 22. c3 dxc3 23. Qxc3 Qxc3+ 24. bxc3 b5 25. Kd2 Rac8 26. Rhe1 Rc7 27. Rec1
Rfc8 28. Rb4 g5 29. Bg4 Bxg4 30. hxg4 Kg7 31. Rd4 Rc6 32. Rb4 Kf6 33. c4 Ke5
34. Kc3 bxc4 35. dxc4 e6 36. Re1 Kf6 37. Kd4 Rc5 38. Rc1 Kg6 39. Rc3 R5c6 40.
Rh3 a5 41. Ra4 Rb6 42. Kc3 Rbb8 43. Rd3 Rd8 44. Kd2 Kf6 45. f3 Ke5 46. Kc3 h5
47. gxh5 Rh8 48. Rd1 Rxh5 49. Rg1 Rh2 50. Kd3 Kf6 51. Ke2 Ke5 52. Kd3 Kf6 53.
Ke2 0-1

[Event "Balaguer op"]
[Site "?"]
[Date "2011.07.20"]
[Round "4"]
[White "Fandiño Reyes, R."]
[Black "Colovic, A."]
[Result "0-1"]
[WhiteElo "2145"]
[BlackElo "2450"]
[PlyCount "92"]
[EventDate "2011.??.??"]
[EventType "swiss"]
[Source "Chessbase"]
[SourceDate "2011.07.29"]

1. Nf3 c5 2. g3 Nc6 3. Bg2 e5 4. d3 g6 5. O-O Bg7 6. e4 Nge7 7. c4 O-O 8. Nc3
d6 9. h3 h6 10. Bd2 f5 11. Nd5 g5 12. a3 Nxd5 13. cxd5 Ne7 14. Bc3 Bd7 15. Nd2
Ng6 16. Nc4 Qf6 17. exf5 Bxf5 18. Ne3 Bd7 19. Kh2 b5 20. Qh5 Ne7 21. Be4 Qf7
22. Qxf7+ Rxf7 23. Kg2 a5 24. b3 Nf5 25. Nxf5 Bxf5 26. f3 Bxe4 27. fxe4 a4 28.
b4 Rc7 29. bxc5 dxc5 30. Rf5 Rf7 31. Rf2 Rxf2+ 32. Kxf2 Kf7 33. Ke2 Ke7 34. Kf3
Kf6 35. Rf1 Rb8 36. Ba5 b4 37. Ke3+ Ke7 38. d6+ Kxd6 39. Rf7 Bf8 40. axb4 Ke6
41. Ra7 cxb4 42. Ra6+ Kd7 43. d4 b3 44. Bc3 a3 45. dxe5 b2 46. e6+ Ke8 0-1

[Event "Balaguer op"]
[Site "?"]
[Date "2011.07.20"]
[Round "4"]
[White "Fernandez Cardoso, A."]
[Black "Hernandez Carmenates, H."]
[Result "0-1"]
[WhiteElo "2450"]
[BlackElo "2570"]
[PlyCount "96"]
[EventDate "2011.??.??"]
[EventType "swiss"]
[Source "Chessbase"]
[SourceDate "2011.07.29"]

1. e4 c5 2. Nf3 d6 3. d4 cxd4 4. Nxd4 Nf6 5. Nc3 a6 6. Bc4 e6 7. Bb3 b5 8. Bg5
Be7 9. Qf3 Qc7 10. e5 Bb7 11. exd6 Bxd6 12. Qe3 Bc5 13. O-O-O Nc6 14. Bxf6 gxf6
15. Nd5 Qe5 16. Qxe5 Nxe5 17. Nc7+ Ke7 18. Nxa8 Bxg2 19. Rhg1 Bxa8 20. Rg7 Bxd4
21. Rxd4 Ng6 22. h4 Bf3 23. Rd3 Bh5 24. Bxe6 Kxe6 25. Re3+ Kf5 26. Rxf7 Nxh4
27. Ra7 Ng2 28. Ree7 Rd8 29. b3 Rd1+ 30. Kb2 Bg6 31. Rxa6 Rd2 32. Rb7 Rxf2 33.
Rxb5+ Kg4 34. Rc6 f5 35. a4 f4 36. Rb8 Ne3 37. a5 Nxc2 38. Kc3 Ne3 39. Kb4 f3
40. Re6 Nd5+ 41. Kc5 Nf4 42. Rd6 Rc2+ 43. Kb6 f2 44. Rd1 Nd5+ 45. Kb7 Rc7+ 46.
Ka8 Ne3 47. Rb4+ Kg3 48. Rh1 Rc4 0-1

[Event "Balaguer op"]
[Site "?"]
[Date "2011.07.20"]
[Round "4"]
[White "Gensana Berzunces, J."]
[Black "Arribas Robaina, M."]
[Result "0-1"]
[WhiteElo "2013"]
[BlackElo "2292"]
[PlyCount "80"]
[EventDate "2011.??.??"]
[EventType "swiss"]
[Source "Chessbase"]
[SourceDate "2011.07.29"]

1. e4 e6 2. d4 d5 3. Bd3 c5 4. dxc5 dxe4 5. Bxe4 Qxd1+ 6. Kxd1 Bxc5 7. Ke2 Nf6
8. Bf3 Nc6 9. c3 Ne5 10. b4 Bb6 11. Be3 Bd7 12. a4 Bxe3 13. Kxe3 O-O-O 14. Nd2
Bc6 15. Bxc6 bxc6 16. Ke2 Nd5 17. Ngf3 Nxc3+ 18. Kf1 Nxf3 19. Nxf3 Kb7 20. g3
f6 21. Kg2 e5 22. Rhc1 Nd5 23. Rc4 Rd6 24. Rac1 Nb6 25. Rg4 g6 26. a5 Nd5 27.
Rgc4 Rhd8 28. Kf1 Ne7 29. R1c2 Rd5 30. Ke2 R8d6 31. Nd2 Nf5 32. Rb2 Nd4+ 33.
Ke3 f5 34. Nb1 Nb5 35. Nd2 Rd3+ 36. Ke2 e4 37. Rc5 Nc3+ 38. Ke1 Na4 39. Nc4
Rd1+ 40. Ke2 Nxb2 0-1

[Event "Balaguer op"]
[Site "?"]
[Date "2011.07.20"]
[Round "4"]
[White "Guadamuro Torrente, AI."]
[Black "Gomez Garrido, C."]
[Result "0-1"]
[WhiteElo "2177"]
[BlackElo "2524"]
[PlyCount "106"]
[EventDate "2011.??.??"]
[EventType "swiss"]
[Source "Chessbase"]
[SourceDate "2011.07.29"]

1. e4 c5 2. d3 Nc6 3. g3 g6 4. Bg2 Bg7 5. f4 d6 6. Nf3 Nf6 7. O-O O-O 8. Nc3
Nd4 9. Ne2 Bd7 10. c3 Nxe2+ 11. Qxe2 Bc6 12. Kh1 Rc8 13. Bd2 Qb6 14. b3 Qa6 15.
Nh4 Nd7 16. a4 b6 17. Rfe1 Qb7 18. Nf3 Rfe8 19. d4 e6 20. e5 cxd4 21. cxd4 dxe5
22. fxe5 Bd5 23. Qd3 Nb8 24. Rac1 Nc6 25. Rf1 Rcd8 26. Bg5 Rd7 27. Bf6 Bh6 28.
Rcd1 Rc8 29. g4 Nb4 30. Qb5 a5 31. g5 Bf8 32. Nh4 Bxg2+ 33. Nxg2 Rc2 34. Rg1
Rd5 35. Qf1 Rd7 36. Qf4 Qd5 37. Qe3 Rdc7 38. Rc1 Rxc1 39. Rxc1 Rxc1+ 40. Qxc1
Qxd4 41. h4 Bc5 42. Nf4 Nc2 43. Ng2 Qa1 44. Qxa1 Nxa1 45. Nf4 Nxb3 46. Nd3 Kf8
47. Kg2 Ke8 48. Kf3 Kd7 49. Nb2 Kc6 50. Ke4 Nd2+ 51. Kd3 Nf3 52. Nc4 Kd5 53.
Bg7 Nxh4 0-1

[Event "Balaguer op"]
[Site "?"]
[Date "2011.07.20"]
[Round "4"]
[White "Guerra Mendez, JA."]
[Black "Mellado Triviño, J."]
[Result "1/2-1/2"]
[WhiteElo "2450"]
[BlackElo "2433"]
[PlyCount "92"]
[EventDate "2011.??.??"]
[EventType "swiss"]
[Source "Chessbase"]
[SourceDate "2011.07.29"]

1. e4 c5 2. Nf3 Nc6 3. d4 cxd4 4. Nxd4 e5 5. Nb5 a6 6. Nd6+ Bxd6 7. Qxd6 Qf6 8.
Qxf6 Nxf6 9. Nc3 Nb4 10. Bd3 Nxd3+ 11. cxd3 h6 12. Be3 d6 13. f3 Be6 14. d4 Rc8
15. d5 Bd7 16. Kd2 Ke7 17. Rac1 Nh5 18. g4 Nf4 19. Bxf4 exf4 20. Ne2 g5 21.
Rxc8 Rxc8 22. h4 a5 23. h5 Kf6 24. Rc1 Rc5 25. Rxc5 dxc5 26. Nc1 Ke5 27. Nd3+
Kd6 28. b3 a4 29. Nb2 axb3 30. Nc4+ Ke7 31. axb3 f6 32. Kc3 Be8 33. Na5 Bb5 34.
Nc4 Bd7 35. Kd3 Bb5 36. Kd2 Ba6 37. Nb2 Kd6 38. Nc4+ Ke7 39. Kc3 b5 40. Nb2 b4+
41. Kd2 Kd6 42. Nc4+ Bxc4 43. bxc4 Kc7 44. Kc2 Kd6 45. Kd2 Kc7 46. Kc2 Kd6
1/2-1/2

[Event "Balaguer op"]
[Site "?"]
[Date "2011.07.20"]
[Round "4"]
[White "Ivanov, J."]
[Black "Lariño Nieto, D."]
[Result "1/2-1/2"]
[WhiteElo "2398"]
[BlackElo "2495"]
[PlyCount "120"]
[EventDate "2011.??.??"]
[EventType "swiss"]
[Source "Chessbase"]
[SourceDate "2011.07.29"]

1. Nf3 Nf6 2. c4 g6 3. Nc3 Bg7 4. e4 d6 5. d4 O-O 6. h3 e5 7. dxe5 dxe5 8. Qxd8
Rxd8 9. Bg5 Re8 10. Nd5 Nxd5 11. cxd5 c6 12. Bc4 cxd5 13. Bxd5 Na6 14. Ke2 Nc7
15. Bb3 Be6 16. Rhc1 Bxb3 17. axb3 Ne6 18. Be3 a6 19. Ra5 Rad8 20. g3 f6 21.
Rd5 f5 22. Rxd8 Rxd8 23. Ng5 Nxg5 24. Bxg5 Rd7 25. f3 Kf7 26. Rd1 Rxd1 27. Kxd1
f4 28. gxf4 h6 29. Bh4 exf4 30. Kc2 g5 31. Be1 Ke6 32. b4 h5 33. b3 Bd4 34. Kd3
Ba7 35. Bc3 Bb8 36. Bd4 Bd6 37. Kc4 b5+ 38. Kc3 Be7 39. Bb6 Bf6+ 40. Kd3 Be7
41. Kc3 Kf6 42. Bd4+ Kg6 43. Bc5 Bf6+ 44. Kd3 Be5 45. Be7 Bb2 46. Bd8 Bg7 47.
Be7 Be5 48. Kd2 Bd4 49. Kd3 Ba7 50. Ke2 Bd4 51. Kd3 Bf2 52. Ke2 Bh4 53. Bd8 Kf7
54. Kf1 Ke6 55. Ke2 Ke5 56. Be7 Ke6 57. Bd8 Kd7 58. Bf6 Kd6 59. Bd8 Ke6 60. Kf1
Kd7 1/2-1/2

[Event "Balaguer op"]
[Site "?"]
[Date "2011.07.20"]
[Round "4"]
[White "Moran Rubio, F."]
[Black "Aldoma Pubill, R."]
[Result "1/2-1/2"]
[WhiteElo "1802"]
[BlackElo "1678"]
[PlyCount "52"]
[EventDate "2011.??.??"]
[EventType "swiss"]
[Source "Chessbase"]
[SourceDate "2011.07.29"]

1. d4 Nf6 2. c4 e5 3. dxe5 Ng4 4. Nf3 Bc5 5. e3 Nc6 6. h3 Ngxe5 7. Nxe5 Nxe5 8.
Nc3 O-O 9. Be2 d6 10. a3 a5 11. O-O Be6 12. b3 f5 13. Nd5 Bxd5 14. cxd5 Ng6 15.
Bh5 Ne5 16. Bb2 Qe7 17. Bd4 f4 18. Bf3 Nxf3+ 19. Qxf3 fxe3 20. Qxe3 Qxe3 21.
Bxe3 Bxe3 22. fxe3 Rxf1+ 23. Kxf1 Re8 24. Ke2 Kf8 25. Kd3 Ke7 26. Rf1 Rf8
1/2-1/2

[Event "Balaguer op"]
[Site "?"]
[Date "2011.07.20"]
[Round "4"]
[White "Orti Boix, ML."]
[Black "Ivanov Markov, R."]
[Result "0-1"]
[WhiteElo "1857"]
[BlackElo "1715"]
[PlyCount "92"]
[EventDate "2011.??.??"]
[EventType "swiss"]
[Source "Chessbase"]
[SourceDate "2011.07.29"]

1. e4 e5 2. Nf3 Nc6 3. Bb5 Bc5 4. O-O d6 5. h3 Bd7 6. c3 Nge7 7. d4 exd4 8.
cxd4 Bb6 9. Nc3 O-O 10. a3 a6 11. Ba4 f5 12. Bb3+ Kh8 13. Ng5 Qe8 14. Nf3 fxe4
15. Nxe4 Nf5 16. Re1 Qg6 17. Bc2 Nfxd4 18. Nh4 Qf7 19. Be3 Nxc2 20. Qxc2 Bxe3
21. Rxe3 Qh5 22. Nf3 Bf5 23. Qe2 Bxe4 24. Rxe4 Rae8 25. Re1 Rxe4 26. Qxe4 Qf7
27. Re2 h6 28. Nh4 Ne5 29. Qxb7 g5 30. Nf3 Nxf3+ 31. Qxf3 Qxf3 32. gxf3 Rxf3
33. Kg2 Rf7 34. Re8+ Kg7 35. Ra8 Kf6 36. Rxa6 Ke5 37. a4 Kd5 38. a5 Kc5 39. Ra8
Kb5 40. f3 h5 41. Ra7 h4 42. b4 Kxb4 43. a6 Kb5 44. Ra8 Kb6 45. a7 Rg7 46. Kf2
Kb7 0-1

[Event "Balaguer op"]
[Site "?"]
[Date "2011.07.20"]
[Round "4"]
[White "Parramon Guillaumet, J."]
[Black "Font Garcia, X."]
[Result "1-0"]
[WhiteElo "1928"]
[BlackElo "1724"]
[PlyCount "93"]
[EventDate "2011.??.??"]
[EventType "swiss"]
[Source "Chessbase"]
[SourceDate "2011.07.29"]

1. d4 Nf6 2. c4 e5 3. dxe5 Ng4 4. Nf3 Bc5 5. e3 Nc6 6. a3 a5 7. Nc3 Ngxe5 8.
Be2 d6 9. b3 O-O 10. Ne4 Bb6 11. Bb2 Re8 12. Nxe5 Nxe5 13. c5 Ba7 14. cxd6 Bf5
15. Ng3 Bg6 16. dxc7 Qxc7 17. Rc1 Qe7 18. O-O Rad8 19. Qe1 Nd3 20. Qc3 Nxb2 21.
Qxb2 Bc5 22. b4 axb4 23. axb4 Bxb4 24. Rc4 Ba3 25. Qc3 Bd6 26. Rc1 h6 27. Bf3
b5 28. Rc6 b4 29. Qb3 Rb8 30. Rd1 Red8 31. Rc4 Rdc8 32. Rdc1 Rxc4 33. Rxc4 Qe5
34. Rc1 h5 35. h3 h4 36. Nf1 Bf5 37. Bd5 Qe7 38. Rd1 Be5 39. e4 Bg6 40. Rc1 Bd4
41. Ne3 Bxe4 42. Bxe4 Qxe4 43. Rc7 Qe6 44. Rc4 Bxe3 45. fxe3 g5 46. Kf2 f6 47.
Rc8+ 1-0

[Event "Balaguer op"]
[Site "?"]
[Date "2011.07.20"]
[Round "4"]
[White "Quintas Galeano, L."]
[Black "Arno Bendicho, A."]
[Result "1-0"]
[WhiteElo "2155"]
[BlackElo "1917"]
[PlyCount "89"]
[EventDate "2011.??.??"]
[EventType "swiss"]
[Source "Chessbase"]
[SourceDate "2011.07.29"]

1. e4 c5 2. Nf3 Nc6 3. d4 cxd4 4. Nxd4 g6 5. Nc3 Bg7 6. Be3 Nf6 7. Be2 O-O 8.
O-O a6 9. a4 Re8 10. Nb3 d6 11. a5 Be6 12. Bb6 Qc8 13. Ra4 Nd7 14. Be3 Bxb3 15.
cxb3 Nc5 16. Ra1 Bxc3 17. bxc3 Nxe4 18. Qc1 Nc5 19. Qd1 Qf5 20. b4 Ne6 21. f4
h5 22. Bd3 Qg4 23. Be2 Qf5 24. Bd3 Qg4 25. Qd2 Nf8 26. f5 h4 27. Bg5 h3 28. g3
Ne5 29. Be2 Qe4 30. Rf2 f6 31. Bf4 Kg7 32. Re1 Qc6 33. Bh6+ Kh7 34. Bxf8 Rxf8
35. fxg6+ Kxg6 36. Bd3+ Kg7 37. Be4 Qc7 38. Rf4 Rh8 39. Bf5 b6 40. Qd4 bxa5 41.
Qd5 Rab8 42. Qe6 Rh6 43. Rxe5 dxe5 44. Rg4+ Kh8 45. Qf7 1-0

[Event "Balaguer op"]
[Site "?"]
[Date "2011.07.20"]
[Round "4"]
[White "Rodrigo Yanguas, M."]
[Black "Westerinen, H."]
[Result "1/2-1/2"]
[WhiteElo "2102"]
[BlackElo "2355"]
[PlyCount "69"]
[EventDate "2011.??.??"]
[EventType "swiss"]
[Source "Chessbase"]
[SourceDate "2011.07.29"]

1. e4 e6 2. d4 d5 3. Nd2 dxe4 4. Nxe4 Bd7 5. Bd3 Bc6 6. Nf3 Nd7 7. O-O Ngf6 8.
Ng3 Be7 9. c3 O-O 10. a4 Bd5 11. Ne5 c5 12. Bc2 cxd4 13. cxd4 Rc8 14. Bg5 Nxe5
15. dxe5 Nd7 16. Bxe7 Qxe7 17. Re1 Qb4 18. b3 Rc7 19. Rb1 f5 20. Bxf5 Qf4 21.
Be4 Bxe4 22. Nxe4 Nxe5 23. Qe2 Ng6 24. Qe3 Qxe3 25. Rxe3 Rc2 26. Rd1 Nf4 27. h3
Nd5 28. Red3 Re2 29. f3 Rc8 30. R3d2 Re3 31. Rd3 Rc2 32. Rxe3 Nxe3 33. Rd2 Rxd2
34. Nxd2 Kf7 35. Kf2 1/2-1/2

[Event "Balaguer op"]
[Site "?"]
[Date "2011.07.20"]
[Round "4"]
[White "Solsona Manonelles, J."]
[Black "Coll Ortega, J."]
[Result "0-1"]
[WhiteElo "1725"]
[BlackElo "2303"]
[PlyCount "86"]
[EventDate "2011.??.??"]
[EventType "swiss"]
[Source "Chessbase"]
[SourceDate "2011.07.29"]

1. d4 Nf6 2. c4 e6 3. Nc3 Bb4 4. Bd2 d5 5. e3 O-O 6. Nf3 b6 7. Be2 Bb7 8. O-O
Nbd7 9. a3 Be7 10. cxd5 exd5 11. Qc2 c5 12. Rfe1 Rc8 13. Rac1 Bd6 14. h3 Ne4
15. Qd1 f5 16. Qb3 c4 17. Qd1 g5 18. Rf1 Qe7 19. Nb5 Rf6 20. Nxd6 Qxd6 21. Bb4
Qe6 22. a4 a5 23. Ba3 g4 24. hxg4 fxg4 25. Nh4 h5 26. g3 Re8 27. Ng2 Qf5 28.
Nf4 Rh6 29. Kg2 Ndf6 30. Rh1 Ng5 31. Rh4 Kg7 32. Bd6 Nf7 33. Bc7 Ne4 34. Qh1
Reh8 35. Qh2 Bc8 36. Bd1 Qg5 37. Bc2 Nd2 38. Bd1 Bf5 39. f3 Nxf3 40. Bxf3 gxf3+
41. Kxf3 Bg4+ 42. Kf2 Rc6 43. Rh1 Rxc7 0-1

[Event "Balaguer op"]
[Site "?"]
[Date "2011.07.20"]
[Round "4"]
[White "Torner Planell, J."]
[Black "Iagar, RG."]
[Result "0-1"]
[WhiteElo "1935"]
[BlackElo "2162"]
[PlyCount "100"]
[EventDate "2011.??.??"]
[EventType "swiss"]
[Source "Chessbase"]
[SourceDate "2011.07.29"]

1. d4 d5 2. c4 c6 3. cxd5 cxd5 4. Nc3 Nf6 5. Bf4 Nc6 6. Nf3 Bf5 7. e3 e6 8. Be2
Bb4 9. O-O O-O 10. a3 Bd6 11. Ne5 Bxe5 12. Bxe5 Nxe5 13. dxe5 Nd7 14. Qd4 Qb6
15. b4 Rfc8 16. Rfc1 Rc6 17. Na2 Rac8 18. Rxc6 Rxc6 19. Rc1 Rxc1+ 20. Nxc1 Qc7
21. Qb2 Nxe5 22. Nb3 Bg6 23. Qc1 Qxc1+ 24. Nxc1 Bc2 25. Na2 Kf8 26. Kf1 Bb3 27.
Nc3 Bc4 28. Ke1 Bxe2 29. Kxe2 Ke7 30. f4 Nc4 31. a4 f5 32. Kd3 a6 33. a5 Nd6
34. Kd4 Kd7 35. Kd3 Kc6 36. Kd4 Nb5+ 37. Nxb5 Kxb5 38. Kc3 Ka4 39. g3 Ka3 40.
h3 h5 41. Kd4 Kxb4 42. Ke5 Kxa5 43. Kxe6 b5 44. Kxd5 b4 45. e4 fxe4 46. Kxe4 b3
47. Kd3 Kb4 48. f5 Ka3 49. g4 hxg4 50. hxg4 b2 0-1

[Event "Balaguer op"]
[Site "?"]
[Date "2011.07.20"]
[Round "4"]
[White "Trepat Herranz, J."]
[Black "Gutierrez Martos, FE."]
[Result "1/2-1/2"]
[WhiteElo "2352"]
[BlackElo "2071"]
[PlyCount "58"]
[EventDate "2011.??.??"]
[EventType "swiss"]
[Source "Chessbase"]
[SourceDate "2011.07.29"]

1. c4 c5 2. g3 g6 3. Bg2 Bg7 4. Nc3 Nc6 5. Nf3 e5 6. O-O Nge7 7. d3 O-O 8. a3
d6 9. Rb1 f5 10. Ne1 Rb8 11. b4 b6 12. Nd5 Qd7 13. Bb2 Nd4 14. e3 Ne6 15. f4
Bb7 16. Bc3 Rf7 17. Qb3 g5 18. Qb2 gxf4 19. gxf4 Ng6 20. Nf3 exf4 21. Bxg7 Nxg7
22. Ng5 Rff8 23. exf4 Ne8 24. Rbe1 Qg7 25. Qxg7+ Nxg7 26. Ne7+ Nxe7 27. Rxe7
Bxg2 28. Kxg2 h6 29. Nf3 Rf7 1/2-1/2

[Event "Balaguer op"]
[Site "?"]
[Date "2011.07.20"]
[Round "4"]
[White "Tuz, M."]
[Black "Monfa Escola, R."]
[Result "1-0"]
[WhiteElo "2080"]
[BlackElo "1776"]
[PlyCount "51"]
[EventDate "2011.??.??"]
[EventType "swiss"]
[Source "Chessbase"]
[SourceDate "2011.07.29"]

1. d4 d6 2. c4 Na6 3. e4 c5 4. d5 Nf6 5. Nc3 g6 6. Nf3 Bg7 7. Be2 O-O 8. O-O e6
9. a3 exd5 10. cxd5 Nc7 11. Bg5 Qe8 12. Nd2 a6 13. a4 Qd7 14. Nc4 Qd8 15. f4 h6
16. Bh4 b5 17. axb5 axb5 18. Rxa8 Nxa8 19. Nxb5 g5 20. fxg5 Nxe4 21. gxh6 Qxh4
22. hxg7 Kxg7 23. Nbxd6 Rh8 24. Nxe4 Qxh2+ 25. Kf2 Qf4+ 26. Bf3 1-0

[Event "Balaguer op"]
[Site "?"]
[Date "2011.07.20"]
[Round "4"]
[White "Villa Gimenez, C."]
[Black "Ramon Solans, A."]
[Result "0-1"]
[WhiteElo "2013"]
[BlackElo "2280"]
[PlyCount "44"]
[EventDate "2011.??.??"]
[EventType "swiss"]
[Source "Chessbase"]
[SourceDate "2011.07.29"]

1. e4 c6 2. d4 d5 3. e5 c5 4. dxc5 Nc6 5. Bb5 e6 6. Qg4 h5 7. Bxc6+ bxc6 8. Qd4
Ne7 9. Bg5 Nf5 10. Qd2 Qc7 11. Nf3 Bxc5 12. O-O a5 13. Nc3 Rb8 14. Rab1 Ba6 15.
Rfe1 h4 16. Nd1 h3 17. g3 Ba7 18. Ne3 Nxe3 19. Bxe3 c5 20. Bg5 Qc6 21. Bh4 d4
22. Qg5 Kf8 0-1

[Event "Balaguer op"]
[Site "?"]
[Date "2011.07.21"]
[Round "5"]
[White "Arno Bendicho, A."]
[Black "Aranzana Areste, A."]
[Result "0-1"]
[WhiteElo "1917"]
[BlackElo "2065"]
[PlyCount "56"]
[EventDate "2011.??.??"]
[EventType "swiss"]
[Source "Chessbase"]
[SourceDate "2011.07.29"]

1. d4 d5 2. Nf3 e6 3. Bg5 Be7 4. Bxe7 Qxe7 5. c3 Nd7 6. e3 f5 7. Nbd2 Ngf6 8.
Bd3 O-O 9. Qb3 b6 10. O-O g6 11. c4 c5 12. Ne5 Nxe5 13. dxe5 Ne4 14. Rfd1 Nxd2
15. Rxd2 Bb7 16. Rad1 f4 17. Be2 Qg5 18. exf4 Rxf4 19. Qg3 Qxe5 20. cxd5 exd5
21. Bf3 Rd8 22. h3 Rf5 23. Bxd5+ Rxd5 24. Rxd5 Bxd5 25. Qxe5 Rxe5 26. f4 Rf5
27. g4 Bf3 28. Rd7 Rf7 0-1

[Event "Balaguer op"]
[Site "?"]
[Date "2011.07.21"]
[Round "5"]
[White "Arribas Robaina, M."]
[Black "Janev, E."]
[Result "1/2-1/2"]
[WhiteElo "2292"]
[BlackElo "2528"]
[PlyCount "98"]
[EventDate "2011.??.??"]
[EventType "swiss"]
[Source "Chessbase"]
[SourceDate "2011.07.29"]

1. e4 d6 2. d4 Nf6 3. Nc3 Nbd7 4. Nf3 e5 5. Bc4 Be7 6. O-O O-O 7. a4 c6 8. Qe2
exd4 9. Nxd4 Re8 10. Ba2 Bf8 11. Qf3 Ne5 12. Qg3 Ng6 13. Bg5 Qb6 14. Bxf6 gxf6
15. Rfd1 a5 16. f4 Qc5 17. h4 Bg7 18. f5 Ne5 19. Kh1 Kh8 20. Nb3 Qb6 21. Rxd6
Rg8 22. Nd5 Qa7 23. Ne7 Rf8 24. Rad1 Bd7 25. Nd4 Rae8 26. Nf3 Rxe7 27. Nxe5 Be8
28. Nd7 Bxd7 29. Rxd7 Qc5 30. Rd8 Rxe4 31. Bxf7 Qe7 32. Rxf8+ Qxf8 33. Be6 Bh6
34. c4 c5 35. b3 b6 36. Re1 Bf4 37. Qf2 Rxe1+ 38. Qxe1 Be5 39. Qe4 Bb8 40. Qc6
Qd8 41. Bd5 Kg7 42. g4 Bg3 43. Qb7+ Bc7 44. Qc6 Bg3 45. h5 Kh6 46. Kg2 Be5 47.
Qe6 Qc7 48. Kf3 Kg5 49. Qf7 Qxf7 1/2-1/2

[Event "Balaguer op"]
[Site "?"]
[Date "2011.07.21"]
[Round "5"]
[White "Coll Ortega, J."]
[Black "Parramon Guillaumet, J."]
[Result "1-0"]
[WhiteElo "2303"]
[BlackElo "1928"]
[PlyCount "99"]
[EventDate "2011.??.??"]
[EventType "swiss"]
[Source "Chessbase"]
[SourceDate "2011.07.29"]

1. e4 e5 2. Nf3 Nc6 3. Bc4 Nf6 4. d3 Be7 5. O-O O-O 6. a4 a5 7. Nc3 d6 8. Nd5
Nxd5 9. exd5 Nb8 10. Re1 Bg4 11. h3 Bh5 12. d4 Nd7 13. Be2 e4 14. Nd2 Bxe2 15.
Qxe2 f5 16. Nf1 Qe8 17. c4 b6 18. Ng3 g6 19. Bh6 Rf7 20. Qd2 Bf6 21. Ne2 Bg7
22. Bxg7 Kxg7 23. Nf4 Nf8 24. h4 Re7 25. Re3 h6 26. b3 Kh7 27. Rae1 Qf7 28. f3
Rae8 29. fxe4 Rxe4 30. Rxe4 Rxe4 31. Rxe4 fxe4 32. Qe3 Qf5 33. Ne2 g5 34. Ng3
Qf4 35. Qxe4+ Qxe4 36. Nxe4 Nd7 37. hxg5 h5 38. Kf2 Kg6 39. Kf3 Kf5 40. g3 b5
41. axb5 Nb6 42. Nc3 Kxg5 43. Na4 Nd7 44. c5 dxc5 45. dxc5 Kf5 46. c6 Ne5+ 47.
Kg2 Nf7 48. b6 cxb6 49. c7 Nd6 50. Nxb6 1-0